| 000 | 00433nam a2200169Ia 4500 | ||
|---|---|---|---|
| 008 | 230524s9999 xx 000 0 und d | ||
| 082 |
_a402.621 _bHAM |
||
| 100 | _aDavid L. Hamblen | ||
| 245 | 0 | _aOutline of Fractures (Adam's)(13th ed.) | |
| 250 | _a12TH | ||
| 260 |
_aNEW DELHI _bElsevier _c2005 |
||
| 300 | _aVII;315 | ||
| 500 | _aQuantity Number: 2 | ||
| 650 | _aBiomedical | ||
| 700 | _a A.Hamish R.W.Simpson | ||
| 942 | _cBK | ||
| 999 |
_c37548 _d37548 |
||